000 00938nam a2200301 i 4500
003 EG-GICUC
005 20260507192027.0
008 260507s1966 be ||||fr|||| 00| 0 fre d
040 _aEG-GiCUC
_bfre
_cEG-GiCUC
_dEG-GiCUC
_eRda
041 _afre
082 0 4 _221
_a345.0493
_bMA.P
092 0 4 _221
099 _aLaw1 07 345.0493 MA.P 1966
100 1 _aMast , Andre
_eAuteur
245 _aPrécis De Droit Administratif Belge /
_cAndre Mast .
264 _aBRUXELLES :
_bÉDITIONS SCIENTIFIQUES ,
_c1966 .
300 _a441 page ;
_c 24 cm.
336 _2rda contenu
_a texte
337 _2rda medias
_aOrdinateur
338 _2 transporteur rda
_a Ressource en ligne
500 _aIncludes Index Pages : 437-441.
546 _aTexte en français
650 1 _aDroit administratif
_zBelgique
651 1 _2qrmak
856 4 0 _uhttps://fll.law.cu.edu.eg/fulltext/bks/B07-05757.pdf
905 _a60
942 _2ddc
_cBK
_e21
_n0
999 _c76215
_d76215